| 000 | 01889nam0a2200337 4500 | ||
|---|---|---|---|
| 001 | RU\NLR\b_ik\190416 | ||
| 005 | 20250616231049.0 | ||
| 035 | _a(NLR Aleph) 002262880 | ||
| 090 |
_a3843830 _c3843830 |
||
| 100 | _a20110601d2011 |||y0rusy50 ca | ||
| 101 | 0 | _aeng | |
| 102 | _aRU | ||
| 105 | _aa ||||||||| | ||
| 200 | 1 |
_aRecognition of stock exchange processes as a poisson process of events of two types: models with stimulation and learning _fLyudmila Egorova |
|
| 210 |
_aМосква _cВысшая школа экономики _d2011 |
||
| 215 |
_a28 с. _cил. _d21 |
||
| 225 | 1 |
_aПрепринт _fВысш. шк. экономики _vWP7/2011/02 _hСерия WP7 _iМатематические методы анализа решений в экономике, бизнесе и политике |
|
| 300 | _aВ вып. дан.: Распознавание биржевых процессов как пуассоновского потока событий двух типов: модели с поощрением и обучением / Егорова Л.Г. | ||
| 300 | _aРез. на рус. яз. | ||
| 320 | _aБиблиогр.: с. 28 (5 назв.) | ||
| 517 | 0 | _aРаспознавание биржевых процессов как пуассоновского потока событий двух типов: модели с поощрением и обучением | |
| 541 | 0 |
_aБиржевые потоки-модели с поощрением и обучением _zrus |
|
| 606 | 1 |
_aЭкономика _xМатематические методы _92093364 _3RU\NLR\AUTH\661266827 |
|
| 606 | 1 |
_aБиржевая торговля _91548545 _3RU\NLR\AUTH\66976949 |
|
| 686 | 1 | _aУ24(0)229.4 | |
| 686 | 1 | _aУ.в611 | |
| 700 | 1 |
_aEgorova _bL. G. _gLjudmila Gennad'evna _4070 |
|
| 801 | 0 |
_aRU _bNLR _c20110601 _gRCR |
|
| 942 | _cBOOK | ||
| 980 | _aNB | ||